សត្វស្លាបនៅបឹងទន្លេសាប / (Record no. 1321)

MARC details
000 -LEADER
fixed length control field 02124nam a22003137a 4500
005 - DATE AND TIME OF LATEST TRANSACTION
control field 20230816075653.0
020 ## - INTERNATIONAL STANDARD BOOK NUMBER
International Standard Book Number 9789924340232
040 ## - CATALOGING SOURCE
Original cataloging agency FISKH
Language of cataloging eng
Transcribing agency FISKH
Modifying agency FISKH
082 ## - DEWEY DECIMAL CLASSIFICATION NUMBER
Classification number 598.2
100 ## - MAIN ENTRY--PERSONAL NAME
Personal name Sarith, Huot
245 ## - TITLE STATEMENT
Title សត្វស្លាបនៅបឹងទន្លេសាប /
Statement of responsibility, etc. និពន្ធដោយ ហួត​ សារិទ្ធ, ស៊ិន សុវណ្ណរតនា និង ប៊ុត សុផល - គូររូបដោយ សេង វិសាល​ - ប្រឹក្សាយោបល់ដោយ ជិម សុភាព, Francoise Recamier និង Frederic Goes
Remainder of title ក្នុងតំបន់អភិរក្សព្រែកទាល់
250 ## - EDITION STATEMENT
Edition statement បោះពុម្ពលើកទី ៤ ខែមេសា ឆ្នាំ​២០២២
260 ## - PUBLICATION, DISTRIBUTION, ETC.
Place of publication, distribution, etc. Phnom Penh :
Name of publisher, distributor, etc. Sipar,
Date of publication, distribution, etc. 2022.
300 ## - PHYSICAL DESCRIPTION
Extent 35 pages :
Other physical details color illustrations ;
Dimensions 25 cm
490 ## - SERIES STATEMENT
Series statement ស្វែងយល់ពី
505 ## - FORMATTED CONTENTS NOTE
Formatted contents note Z<br/>
520 ## - SUMMARY, ETC.
Summary, etc. ព្រែកទាល់ជាតំបន់អភិរក្សដែលមានសត្វស្លាបជាច្រើនប្រភេទរស់នៅ និងជាបន្ទាយពងកួនដ៏ធំមួយនៅអាស៊ីអាគ្នេយ៍។ ក្នុងនោះសត្វស្លាបមួយចំនួនកំពុងរងគ្រោះជិតផុតពូជ នៅលើពិភពលោកទៀតផង។
520 ## - SUMMARY, ETC.
Summary, etc. Prek Toal is a protected area where many species of birds live and is one of the largest spawning grounds in Southeast Asia. Some of the birds are endangered in the world.
521 ## - TARGET AUDIENCE NOTE
Target audience note 890 <br/>
Source Lexile estimate <br/>
521 ## - TARGET AUDIENCE NOTE
Target audience note Z <br/>
Source Raz-Plus <br/>
650 ## - SUBJECT ADDED ENTRY--TOPICAL TERM
Topical term or geographic name entry element សត្វស្លាប
Form subdivision បឹងទន្លេសាប
General subdivision ផុតពូជ
650 ## - SUBJECT ADDED ENTRY--TOPICAL TERM
Topical term or geographic name entry element Birds
Form subdivision Tonle Sap lake
General subdivision Endanger
700 ## - ADDED ENTRY--PERSONAL NAME
Personal name Sovan Rothana, Sin
Titles and other words associated with a name Author
700 ## - ADDED ENTRY--PERSONAL NAME
Personal name Sophal, Both
Numeration Author
700 ## - ADDED ENTRY--PERSONAL NAME
Personal name Visal, Seng
Numeration illustrator
942 ## - ADDED ENTRY ELEMENTS (KOHA)
Source of classification or shelving scheme Dewey Decimal Classification
Koha item type Books
Suppress in OPAC No
999 ## -
-- 1321
-- 1321
Holdings
Withdrawn status Lost status Source of classification or shelving scheme Damaged status Not for loan Collection Home library Current library Shelving location Date acquired Total Checkouts Full call number Barcode Date last seen Copy number Price effective from Koha item type
    Dewey Decimal Classification     Khmer Language Books / សៀវភៅភាសាខ្មែរ Footprints International School Library Network Toul Kork Campus Footprints International School Library Network Toul Kork Campus TK Campus, Room B402, Khmer Book Case 16, Shelves 112-123 / ទូរសៀវភៅខ្មែរលេខ ១៦​ ធ្នើរ ១១២ ដល់ ១២៣ បន្ទប់ B402 សាខាទួលគោក 08/15/2023   SAR 598.2 2023-0271 08/15/2023 1 08/15/2023 Books
    Dewey Decimal Classification     Khmer Language Books / សៀវភៅភាសាខ្មែរ Footprints International School Library Network Toul Kork Campus Footprints International School Library Network Toul Kork Campus TK Campus, Room B402, Khmer Book Case 16, Shelves 112-123 / ទូរសៀវភៅខ្មែរលេខ ១៦​ ធ្នើរ ១១២ ដល់ ១២៣ បន្ទប់ B402 សាខាទួលគោក 08/15/2023   SAR 598.2 2023-0272 08/15/2023 2 08/15/2023 Books